[Event "Rheinland Pfalz op 5th"]
[Site "Worms"]
[Date "2013.05.31"]
[Round "4"]
[White "Stegner, Naomi"]
[Black "Topp, Bernhard"]
[Result "0-1"]
[WhiteElo "1248"]
[BlackElo "1547"]
[PlyCount "66"]
[EventDate "2013.05.30"]
[EventType "swiss"]
[EventRounds "7"]
[EventCountry "GER"]
[SourceTitle "EXT 2014"]
[Source "ChessBase"]
[SourceDate "2013.11.20"]
[SourceVersion "1"]
[SourceVersionDate "2013.11.20"]
[SourceQuality "1"]

1. d4 d5 2. Bf4 e6 3. e3 Nf6 4. Nf3 c6 5. Nbd2 Ne4 6. Be2 g5 7. Be5 Rg8 8. h3 f5 9. Nxe4 dxe4 10. Nd2 Nd7 11. Nc4 Nf6 12. c3 b5 13. Bxf6 Qxf6 14. Ne5 Bb7 15. f3 0-0-0 16. Qb3 Bd6 17. 0-0-0 Bxe5 18. dxe5 Rxd1+ 19. Rxd1 Qxe5 20. Qb4 exf3 21. Bxf3 Qxe3+ 22. Kb1 Rd8 23. Rxd8+ Kxd8 24. Qd6+ Kc8 25. Bxc6 Bxc6 26. Qxc6+ Kd8 27. Qd6+ Ke8 28. Qb8+ Kf7 29. Qxb5 Qg1+ 30. Kc2 Qxg2+ 31. Kb3 Qd5+ 32. c4 Qxb5+ 33. cxb5 f4 0-1

[Event "Griesheim op"]
[Site "Griesheim"]
[Date "2011.05.??"]
[Round "2"]
[White "Kirschner, Matthias"]
[Black "Stegner, Naomi"]
[Result "1/2-1/2"]
[WhiteElo "1703"]
[BlackElo "1272"]
[PlyCount "54"]
[EventDate "2011.05.??"]
[EventType "swiss"]
[EventRounds "5"]
[EventCountry "GER"]
[SourceTitle "CBM 142 Extra"]
[Source "ChessBase"]
[SourceDate "2011.06.27"]
[SourceVersion "1"]
[SourceVersionDate "2011.06.27"]
[SourceQuality "1"]

1. c4 e5 2. Nc3 Nf6 3. d3 Bc5 4. g3 d5 5. Bg2 dxc4 6. dxc4 Qxd1+ 7. Nxd1 Nc6 8. Nf3 h6 9. 0-0 0-0 10. a3 Be6 11. Be3 Bxe3 12. Nxe3 Rad8 13. b3 e4 14. Ne1 Nd4 15. Ra2 Nxb3 16. Rb2 Na5 17. c5 b6 18. cxb6 axb6 19. f3 exf3 20. exf3 Nd5 21. Nxd5 Bxd5 22. f4 Bxg2 23. Nxg2 Rfe8 24. Rc1 Re7 25. Kf2 Nb7 26. Ne3 Nc5 27. Rxc5 bxc5 1/2-1/2